000
00267nam a2200109Ia 4500
005
20251222114405.0
008
251222s1900||||xx |||||||||||||| ||spa||
082
_a
DVD0070/D25/1999
245
0
_a
Milagros inesperados
264
_b
Castle Rock Entertainment
942
_c
DVD
999
_c
1812
_d
1812